[Event "Bruges Masters 2019"]
[Site "Bruges"]
[Date "2019.08.12"]
[Round "4.9"]
[White "Sterck, Arno"]
[Black "Keuning, Selwin"]
[Result "1-0"]
[WhiteElo "2316"]
[BlackElo "2078"]
[Annotator "TA"]
[PlyCount "65"]
[EventDate "2019.08.11"]
[EventType "swiss"]
[EventCountry "BEL"]
[SourceTitle "playchess.com"]
[Source "ChessBase"]
[SourceQuality "1"]

{[%evp 11,65,26,21,17,12,10,16,18,52,45,50,41,52,19,16,-18,15,4,34,14,7,0,8,3,119,103,108,58,152,142,175,170,180,161,253,249,231,190,183,158,177,161,485,475,496,482,522,412,531,529,753,746,717,677,1843,1814]} 1. e4 c5 2. d4 cxd4 3. c3 d3 4. Bxd3 Nc6 5. c4 g6 6. Nf3 Bg7 7. O-O {B21: Sicilian: 2 f4 and Morra Gambit} d6 8. h3 Nf6 9. Nc3 {The position is equal.} O-O (9... Nd7 10. Nd5 O-O 11. Rb1 e6 12. Ne3 a5 13. Bc2 Nc5 14. a3 f5 15. exf5 gxf5 {1-0 (42) Berg,E (2539)-Blomqvist,E (2503) Gothenburg 2013}) 10. Be3 Nd7 11. Rc1 Nde5 12. Nxe5 dxe5 13. c5 $146 ({Predecessor:} 13. a3 f5 {0-1 (38) Saumy,Z (1892)-Sukandar,I (2397) Ashkhabad 2017}) 13... Nd4 14. Bc4 Qa5 15. Nd5 e6 16. b4 $36 {[%mdl 2048] Black is under pressure.} Qd8 17. Nc3 {[%cal Bd5c3,Bc3b5,Bb5d6][%mdl 32]} f5 (17... b6 $11) 18. f3 Qf6 19. Qe1 h6 (19... f4 $14 20. Bf2 Bd7) 20. Nb5 $16 Bd7 21. Nd6 Rab8 22. b5 {[%cal Bb4b5,Bb5c6,Bc6b7][%mdl 32]} Rfd8 (22... f4 {is a better defense.}) 23. Bxd4 $18 exd4 24. exf5 gxf5 {[#]} 25. c6 $1 {[%mdl 512]} bxc6 26. bxc6 Qe5 $2 (26... Rb6 {is more resistant.}) 27. Nb7 ({Less strong is} 27. cxd7 Qxd6 28. Bxe6+ Kh8 $18) 27... Rxb7 28. cxb7 Kf7 29. Qh4 Qe3+ 30. Kh1 {White is clearly winning.} Bf6 31. Qh5+ Kg7 32. f4 {[#] Hoping for Bb5!} Bc6 33. Be2 {Accuracy: White = 73%, Black = 19%.} 1-0

[Event "Bruges Masters 2019"]
[Site "Bruges"]
[Date "2019.08.12"]
[Round "4.10"]
[White "Pel, Bonno"]
[Black "Cocquyt, Tijs"]
[Result "1-0"]
[WhiteElo "2255"]
[BlackElo "2114"]
[Annotator "TA"]
[PlyCount "139"]
[EventDate "2019.08.11"]
[EventType "swiss"]
[EventCountry "BEL"]
[SourceTitle "playchess.com"]
[Source "ChessBase"]
[SourceQuality "1"]

{[%evp 11,139,6,6,1,7,3,42,30,45,56,50,51,66,67,79,84,94,102,115,70,80,76,70,84,119,120,132,96,148,154,147,146,150,131,145,149,170,206,210,216,252,254,326,333,381,351,420,394,375,336,347,339,343,343,325,313,303,287,400,402,405,350,532,531,479,379,549,556,645,630,697,627,627,625,746,715,893,913,883,878,861,860,795,727,720,711,685,682,719,706,812,750,1075,759,737,599,591,597,597,597,587,560,544,554,1650,1731,1339,696,1345,1285,12834,9802,5923,4958,4906,4918,5446,4918,4598,3636,29982,29983,29983,29984,29984,29985,29986,29987,29989,29985]} 1. g3 d5 2. Bg2 g6 3. d3 Bg7 4. Nf3 e5 5. O-O Ne7 6. e4 Nbc6 7. Nc3 {A07: Réti Opening: New York and Capablanca Systems} (7. exd5 Nxd5 8. Nc3 Nde7 9. Rb1 a5 10. b3 O-O 11. Re1 Re8 12. Bb2 Bf5 13. a3 Nc8 14. Ne4 Nd6 15. Nc5 Qc8 {1-0 (63) Amin,B (2709)-Jumabayev,R (2609) Astana 2019}) 7... d4 8. Ne2 h6 9. c3 {White is slightly better.} Be6 $146 ({Predecessor:} 9... dxc3 10. bxc3 O-O 11. Ba3 b6 12. Re1 Ba6 13. c4 Re8 14. Nc3 Na5 {0-1 (27) Chelushkina,I (2265)-Perunovic,M (2426) Belgrade 2013}) 10. cxd4 exd4 11. Bd2 g5 12. b4 {[%cal Bb2b4,Bb4b5][%mdl 32]} Ng6 13. b5 Nce7 14. Qa4 Bg4 15. Rac1 {[%cal Rf3d4]} O-O $1 16. Nexd4 Qd7 17. Qb4 Rac8 18. Be3 Bh3 19. Rfd1 Bxg2 (19... b6 $142) 20. Kxg2 $16 g4 21. Ne1 Kh7 22. Rc5 Be5 23. Rc4 Bd6 24. Qd2 Ne5 25. Rc2 ({But not} 25. Bxh6 $6 Nxc4 26. dxc4 Rg8 $16) 25... f5 26. Bxh6 Rh8 27. Bg5 fxe4 28. dxe4 Kg8 29. Bf6 Rh5 30. Bxe5 Bxe5 31. Nf5 Qxd2 32. Nxe7+ ({Not} 32. Rcxd2 Nxf5 33. exf5 Kf7 $16) 32... Kf7 {[#] ( -> ...Rxh2+!)} 33. Rcxd2 Kxe7 34. f4 gxf3+ 35. Nxf3 Bd6 36. Nd4 Bb4 (36... Re5 $142 37. Nf5+ {[%mdl 64] Discovered Attack} Kf8) 37. Nf5+ $18 Kf6 38. Rd4 Bc5 (38... Bc3 $142 39. Rd5 Be5) 39. Rd5 Bb6 40. Rf1 Rch8 41. h4 R5h7 42. g4 Ke6 43. g5 c6 44. bxc6 bxc6 45. Rd6+ Ke5 46. Rxc6 Rd7 47. Rc2 Kxe4 48. Re2+ Kd3 49. Re6 Kc2 50. Kg3 Rc8 51. Rf3 Rd1 52. Re2+ Kb1 53. Rg2 Rc4 {[#] Threatens to win with ...Bc7+.} 54. Rb3+ Ka1 {intending ...Bc7+.} 55. Ne3 Bc7+ 56. Kf3 Rf4+ 57. Ke2 Kxa2 58. Rc3 Rd7 59. h5 Ba5 60. Rd3 Rxd3 61. Kxd3+ {[%mdl 4096] Endgame KRB-KRN} Kb3 62. g6 {Threatening mate with g7.} Bc3 63. h6 Rd4+ 64. Ke2 Rd8 65. g7 Bxg7 66. hxg7 {White mates.} Rg8 67. Nf5 a5 68. Ne7 Rxg7 69. Rxg7 a4 70. Rg3+ {Accuracy: White = 80%, Black = 36%.} 1-0

[Event "Bruges Masters 2019"]
[Site "Bruges"]
[Date "2019.08.12"]
[Round "4.11"]
[White "Han, Yichen"]
[Black "Barzeele, Raf"]
[Result "1/2-1/2"]
[WhiteElo "2217"]
[BlackElo "1940"]
[Annotator "TA"]
[PlyCount "249"]
[EventDate "2019.08.11"]
[EventType "swiss"]
[EventCountry "BEL"]
[SourceTitle "playchess.com"]
[Source "ChessBase"]
[SourceQuality "1"]

{[%evp 12,249,11,14,22,22,35,0,0,0,39,24,60,62,88,79,79,76,83,97,100,-67,-56,-39,-21,-60,31,0,0,0,114,21,49,0,0,0,0,0,0,0,0,-6,0,0,0,-175,-84,-85,-62,-162,-169,-188,-170,-169,-132,-309,-294,-424,-431,-417,-355,-357,-343,-325,-130,-860,-855,-762,-762,-762,-760,-622,-548,-554,-545,-524,-527,-834,-731,-1018,-485,-472,-470,-464,-460,-579,-567,-1377,-1266,-1047,-377,-365,-314,-254,-250,-250,-206,-201,-52,-44,-52,-70,-62,-39,-45,-39,-47,-125,-52,-81,-90,-78,-8,-105,0,0,0,0,0,0,0,0,0,0,0,0,0,0,0,0,0,0,0,0,0,0,0,0,0,0,0,0,0,0,0,0,0,0,0,0,0,0,0,0,8,0,33,8,56,56,57,57,57,57,57,57,57,57,57,57,57,57,57,57,57,57,57,57,57,57,57,57,57,57,57,57,57,57,57,57,57,57,64,57,57,57,57,57,57,57,57,57,57,57,57,57,57,57,57,57,64,57,57,57,57,57,57,57,57,57,57,0,64,57,57,57,64,57,64,64,64,57,57,57,64,0,72,0,72,72]} 1. d4 d5 2. Bf4 Nf6 3. e3 c5 4. c3 Nc6 5. Nd2 e6 6. Ngf3 Be7 7. h3 h6 {D02: 1 d4 d5 2 Nf3 sidelines, including 2...Nf6 3 g3 and 2...Nf6 3 Bf4} (7... Bd6 8. dxc5 Bxc5 9. Bd3 O-O 10. O-O Bd6 11. Bxd6 Qxd6 12. e4 Rd8 13. Bc2 dxe4 14. Nxe4 Qe7 15. Qe2 {1-0 (67) So,W (2778)-Caruana,F (2816) Paris 2018}) 8. Bd3 Bd6 9. Bxd6 Qxd6 {The position is equal.} 10. Qe2 Bd7 11. Rd1 $146 ({Predecessor:} 11. O-O O-O 12. e4 dxe4 13. Nxe4 Nxe4 14. Qxe4 {0-1 (60) Pecho,J (1922)-Bozinovic,B (2241) Ruzomberok 2017}) 11... O-O-O 12. O-O g5 13. dxc5 Qxc5 14. b4 {[%cal Bb2b4,Bb4b5][%mdl 32]} Qd6 ({Not} 14... Qxc3 $2 15. b5 $18) 15. b5 Ne7 16. Nd4 $2 (16. c4 $16) 16... e5 $15 17. N4b3 g4 $36 {[%mdl 2048] Black fights for an advantage.} 18. h4 e4 (18... g3 $1 $15) 19. Bb1 (19. Bxe4 $5 dxe4 20. Nxe4 $1 $11 {[%mdl 512]}) 19... Qe5 20. g3 b6 (20... Nh5 $11 {keeps the balance.}) 21. a4 (21. c4 $16) 21... Nf5 $1 $11 22. Nd4 Nxg3 $1 23. fxg3 Qxg3+ 24. Qg2 Qxe3+ 25. Qf2 Qh3 26. Qg2 Qe3+ 27. Kh1 Nh5 28. Ne2 $2 {[#]} (28. Rxf7 $11 {and White stays safe.} Rhf8 29. Nf1 Qxc3 30. Rf2 Rxf2 31. Qxf2) 28... f5 (28... Qxe2 $1 $19 {[%mdl 512]} 29. Qxe2 Ng3+ {[%mdl 64] Double Attack} 30. Kg2 Nxe2) 29. Rfe1 $17 f4 30. Nd4 {[#]} (30. Nf1 $15 Qc5 31. Bxe4 dxe4 32. Qxe4) 30... Qg3 $1 $19 31. Qxg3 Nxg3+ 32. Kg2 Nh5 33. Ba2 $2 (33. Rc1 $17) 33... e3 34. Nf1 (34. Kg1 $142 exd2 35. Rxd2) 34... f3+ 35. Nxf3 gxf3+ 36. Kxf3 Rhf8+ 37. Kxe3 Rde8+ (37... Nf4 $19 {and Black stays clearly on top.} 38. Kd4 Ng2) 38. Kd4 $2 {[%mdl 8192]} (38. Kd3 $17) 38... Rf4+ {[%mdl 64] Double Attack} 39. Kxd5 Nf6+ 40. Kd6 Ne4+ 41. Rxe4 Rexe4 42. Ng3 Rf6+ 43. Kd5 Rxa4 44. Bc4 Kc7 45. Rd4 Ra1 (45... Rd6+ $142 46. Ke5 Rxd4 47. cxd4 Rxc4) 46. Ke5 Rg6 47. Ne4 Re1 48. h5 Rg5+ 49. Kf4 Rf5+ 50. Kg3 Bxb5 $2 (50... Rg1+ 51. Kh2 Rg7) 51. Nd6 Re3+ 52. Kg4 {[#]} Bxc4 $1 {[%mdl 512]} 53. Kxf5 {[%mdl 4096] Endgame KRB-KRN} (53. Rxc4+ Rc5) 53... Bd3+ 54. Kf4 {[#]} Rh3 (54... Re6 $1 $19 {[%cal Re6d6]} 55. Nf7 Rf6+ 56. Ke5 Rxf7 57. Rxd3 Rg7) 55. Kg4 $15 Bf1 56. Ne8+ Kc6 57. Rd6+ Kc5 58. Rxh6 Rxc3 59. Nd6 (59. Kg5 $15) 59... Kd5 (59... Be2+ $17 60. Kh4 Bd3 61. Nb7+ Kd5) 60. Kf4 Be2 {And now ...Rc6 would win.} 61. Nf5 Rh3 (61... Rf3+ $17 62. Kg5 Ke5) 62. Ng3 (62. Rh8 $1 $11) 62... Bxh5 (62... Bd3 $17 {Hoping for ...b5.} 63. Nf5 Kc5) 63. Nxh5 $17 {Black must now prevent Nf6+. KRN-KR} Kc4 64. Kg4 Rh1 65. Rc6+ Kb5 66. Rc2 a5 67. Nf4 Rd1 68. Kf3 a4 69. Ke2 Rd4 70. Nd3 Rh4 71. Kd1 Rh1+ 72. Ne1 Ka5 73. Re2 $1 b5 74. Kc2 Rh5 75. Nd3 Rg5 76. Re8 Rg2+ 77. Kc3 Rg6 78. Rc8 Rg3 79. Ra8+ Kb6 80. Kd4 Rg4+ 81. Kd5 Kb7 82. Rf8 Rg5+ 83. Kd4 Rh5 84. Kc3 Kb6 85. Kb4 $1 Rh4+ 86. Nf4 Rg4 87. Rf6+ Kc7 88. Kxb5 a3 89. Nd5+ Kd7 90. Ra6 {Nf6+ is the strong threat.} Rg3 91. Kc5 Rh3 92. Kd4 Rh4+ 93. Kd3 Rh3+ 94. Ne3 Rg3 95. Rxa3 Rh3 96. Ra6 Kc7 97. Kd4 Kb7 98. Rg6 Rh1 99. Kc5 Rh7 100. Rb6+ Ka7 101. Nd5 Rg7 102. Rb1 Rg5 103. Kc6 Rg6+ 104. Kd7 Rg7+ 105. Ne7 Rh7 106. Kd6 Ka6 107. Nf5 (107. Ng8 {seems wilder.} Rb7 108. Ra1+ Kb5 109. Rc1 Rb6+ 110. Kd5) 107... Rh2 108. Ne3 (108. Kc6 {feels hotter.} Rc2+ 109. Kd5 Rd2+ 110. Nd4 Rh2 111. Ne6) 108... Rh6+ 109. Kc5 Rh5+ 110. Nd5 Ka7 111. Kd6 Rh6+ 112. Kd7 Rh7+ 113. Ne7 Ka6 114. Kc6 {[%cal Rb1a1]} Rh6+ 115. Kc5 Rh5+ 116. Nd5 Ka7 $1 117. Rg1 Kb7 118. Rg6 Ka7 119. Kc6 Rh1 120. Rg7+ Ka6 121. Rg2 {[%cal Rg2a2]} Rh6+ 122. Kc5 Rh5 123. Rg1 Kb7 $1 124. Rb1+ Ka7 $1 125. Rb2 {Accuracy: White = 45%, Black = 62%.} 1/2-1/2

[Event "Bruges Masters 2019"]
[Site "Bruges"]
[Date "2019.08.12"]
[Round "4.12"]
[White "Faure, Stephane"]
[Black "Decrop, Benjamin"]
[Result "1-0"]
[WhiteElo "2045"]
[BlackElo "2183"]
[Annotator "TA"]
[PlyCount "51"]
[EventDate "2019.08.11"]
[EventType "swiss"]
[EventCountry "BEL"]
[SourceTitle "playchess.com"]
[Source "ChessBase"]
[SourceQuality "1"]

{[%evp 13,87,30,33,32,36,26,35,0,0,-16,-25,-10,16,0,14,10,7,0,0,0,0,-9,0,0,7,6,13,19,20,4,14,-39,35,22,33,33,56,47,90,99,90,92,91,91,104,55,101,114,109,102,157,137,302,291,516,485,407,377,384,384,371,350,903,884,748,703,1257,989,831,672,29990,29991,29994,29991,29993,29993]} 1. e4 c5 2. Nf3 Nc6 3. Bb5 g6 4. O-O Bg7 5. Re1 e5 6. Bxc6 dxc6 7. d3 Qc7 8. Be3 {B31: Sicilian: 2...Nc6 3 Bb5 g6} (8. a3 Nf6 9. b4 O-O 10. Nbd2 Bg4 11. h3 Bxf3 12. Nxf3 cxb4 13. axb4 a5 14. bxa5 Rxa5 15. Bd2 Raa8 {½-½ (49) Caruana,F (2832)-Carlsen,M (2835) London 2018}) 8... b6 9. Nbd2 Nf6 10. c3 $146 {White is slightly better.} ({Predecessor:} 10. Nc4 Nd7 11. Qd2 h6 12. a3 Ba6 13. Qc3 Bxc4 14. Qxc4 a5 15. a4 O-O {0-1 (47) Dowgird,F (2225)-Piotrowski,P (2315) Poland 2017}) 10... O-O 11. b4 cxb4 12. cxb4 Ba6 13. Qc2 Rfd8 14. Nc4 Nd7 15. Rac1 Nf8 16. a4 Ne6 17. Red1 Rd7 18. Qb2 (18. a5 {seems wilder.} Rb8 19. axb6 axb6 20. Ra1 Bb5 21. Na3) 18... Bxc4 19. Rxc4 Qd6 20. h3 Rc7 21. Qc2 Rac8 22. a5 (22. Qb3 $11) 22... c5 ({Black should try} 22... b5 $1 $15 23. Bc5 Qd8) 23. bxc5 bxc5 24. Rb1 Nd4 25. Bxd4 $1 cxd4 26. Nd2 {Played: Rb1-b8} 1-0

[Event "Bruges Masters 2019"]
[Site "Bruges"]
[Date "2019.08.13"]
[Round "5.1"]
[White "Ortiz Suarez, Isan Reynaldo"]
[Black "Legky, Nikolay A"]
[Result "1/2-1/2"]
[WhiteElo "2533"]
[BlackElo "2397"]
[Annotator "ChessBase"]
[PlyCount "55"]
[EventDate "2019.08.11"]
[EventType "swiss"]
[EventCountry "BEL"]
[SourceTitle "playchess.com"]
[Source "ChessBase"]
[SourceQuality "1"]
[TimeControl "5400+30"]

1. Nf3 {[%emt 0:00:05]} d5 {[%emt 0:00:00]} 2. g3 {[%emt 0:00:08]} c6 {[%emt 0:00:00]} 3. c4 {[%emt 0:00:20]} Nf6 {[%emt 0:00:00]} 4. Bg2 {[%emt 0:00:35]} Bf5 {[%emt 0:00:00]} 5. O-O {[%emt 0:00:30]} e6 {[%emt 0:00:00]} 6. cxd5 {[%emt 0:01:43]} cxd5 {[%emt 0:00:00]} 7. d4 {[%emt 0:01:34]} Nc6 {[%emt 0:00:36]} 8. Nc3 {[%emt 0:00:05]} h6 {[%emt 0:00:11]} 9. Bf4 {[%emt 0:08:42]} Be7 {[%emt 0:00:49]} 10. Ne5 {[%emt 0:05:12]} Rc8 {[%emt 0:12:43]} 11. Rc1 {[%emt 0:10:09]} O-O {[%emt 0:00:46]} 12. h3 {[%emt 0:01:45]} Qb6 {[%emt 0:17:16]} 13. g4 {[%emt 0:04:41]} Bh7 {[%emt 0:00:07]} 14. Qd2 {[%emt 0:03:40]} Rfd8 {[%emt 0:05:51]} 15. e3 {[%emt 0:05:02]} Nxe5 {[%emt 0:05:01]} 16. Bxe5 {[%emt 0:00:11]} Nd7 {[%emt 0:00:43]} 17. Bg3 {[%emt 0:00:18]} Nf6 {[%emt 0:01:27]} 18. Rfd1 {[%emt 0:03:16]} Rc6 {[%emt 0:01:49]} 19. f3 {[%emt 0:05:00]} Rdc8 {[%emt 0:03:28]} 20. a3 {[%emt 0:01:24]} Qb3 {[%emt 0:01:08]} 21. Be1 {[%emt 0:00:07]} Nd7 {[%emt 0:05:36]} 22. Qe2 {[%emt 0:10:08]} Nb6 {[%emt 0:43:29]} 23. e4 {[%emt 0:36:55]} Bg5 {[%emt 0:00:30]} 24. Rc2 {[%emt 0:00:30]} Nc4 25. Rcc1 {[%emt 0:00:30]} Nb6 26. Rb1 Na4 {[%emt 0:01:30]} 27. h4 {[%emt 0:01:00]} Bf4 28. Bf1 {[%emt 0:00:30]} 1/2-1/2

[Event "Bruges Masters 2019"]
[Site "Bruges"]
[Date "2019.08.13"]
[Round "5.2"]
[White "Van Malder, Dries"]
[Black "Olander, Aleksi"]
[Result "1/2-1/2"]
[WhiteElo "2178"]
[BlackElo "2066"]
[Annotator "TA"]
[PlyCount "28"]
[EventDate "2019.08.11"]
[EventType "swiss"]
[EventCountry "BEL"]
[SourceTitle "playchess.com"]
[Source "ChessBase"]
[SourceQuality "1"]

{[%evp 9,28,0,0,-2,0,0,0,-20,-22,-9,0,0,-17,-27,-9,-17,-10,-25,0,-11,-8]} 1. e4 c5 2. Nf3 e6 3. c3 Nf6 4. Bd3 d5 5. e5 Nfd7 6. Bc2 {B40: Sicilian: 2...e6, Unusual lines} c4 7. O-O (7. d4 cxd3 8. Qxd3 Nc6 9. Bf4 g6 10. O-O Bg7 11. Re1 h6 12. Bg3 g5 {½-½ (31) Bruzon Batista,L (2659)-Perunovic,M (2622) Berlin 2015}) 7... Nc6 8. Re1 g5 9. Ba4 h6 10. d4 cxd3 11. Be3 $146 ({Predecessor:} 11. Bb5 Bg7 12. h3 Qc7 13. Qxd3 Ndxe5 14. Nxe5 Bxe5 {0-1 (49) Savic,M (2503)-Ivic,V (2370) Veliko Gradiste 2017}) 11... Nc5 12. Bxc5 Bxc5 13. Qxd3 Qb6 14. Re2 Bd7 1/2-1/2

[Event "Bruges Masters 2019"]
[Site "Bruges"]
[Date "2019.08.13"]
[Round "5.3"]
[White "Mirzoev, Azer"]
[Black "Bekker, Stefan"]
[Result "1-0"]
[WhiteElo "2474"]
[BlackElo "2272"]
[Annotator "ChessBase"]
[PlyCount "72"]
[EventDate "2019.08.11"]
[EventType "swiss"]
[EventCountry "BEL"]
[SourceTitle "playchess.com"]
[Source "ChessBase"]
[SourceQuality "1"]
[TimeControl "5400+30"]

1. d4 {[%emt 0:08:14]} d5 {[%emt 0:00:44]} 2. c4 {[%emt 0:00:17]} dxc4 {[%emt 0:00:04]} 3. Nf3 {[%emt 0:00:15]} Nf6 {[%emt 0:00:05]} 4. Qa4+ {[%emt 0:00:17]} Nbd7 {[%emt 0:00:36]} 5. g3 {[%emt 0:03:00]} a6 {[%emt 0:02:43]} 6. Qxc4 {[%emt 0:00:12]} b5 {[%emt 0:00:35]} 7. Qc6 {[%emt 0:02:22]} Ra7 {[%emt 0:02:21]} 8. Bg2 {[%emt 0:02:33]} Bb7 {[%emt 0:00:35]} 9. Qc2 {[%emt 0:00:06]} Be4 {[%emt 0:01:12]} 10. Qd1 {[%emt 0:00:30]} e6 {[%emt 0:00:28]} 11. O-O {[%emt 0:04:03]} c5 {[%emt 0:02:31]} 12. Nc3 {[%emt 0:02:13]} Ba8 {[%emt 0:00:33]} 13. Be3 {[%emt 0:00:40]} cxd4 {[%emt 0:06:06]} 14. Bxd4 {[%emt 0:06:41]} Bxf3 {[%emt 0:07:27]} 15. Bxf3 {[%emt 0:01:25]} Bc5 {[%emt 0:01:11]} 16. a4 {[%emt 0:11:58]} b4 {[%emt 0:01:13]} 17. Ne4 {[%emt 0:00:42]} Nxe4 {[%emt 0:15:02]} 18. Bxe4 {[%emt 0:00:30]} e5 {[%emt 0:09:26]} 19. Bxc5 {[%emt 0:03:56]} Nxc5 {[%emt 0:00:38]} 20. Qc2 {[%emt 0:00:30]} Rc7 {[%emt 0:06:31]} 21. Rac1 {[%emt 0:16:11]} b3 {[%emt 0:03:56]} 22. Qc3 {[%emt 0:01:40]} O-O {[%emt 0:00:06]} 23. Rfd1 {[%emt 0:13:11]} Qf6 {[%emt 0:07:48]} 24. Bd5 {[%emt 0:02:50]} Rfc8 {[%emt 0:01:19]} 25. Qe3 {[%emt 0:01:45]} h5 {[%emt 0:05:40]} 26. Rc4 {[%emt 0:00:57]} g6 {[%emt 0:05:02]} 27. a5 {[%emt 0:00:13]} e4 {[%emt 0:00:59]} 28. Qc3 {[%emt 0:02:52]} Qf5 {[%emt 0:02:03]} 29. h4 {[%emt 0:02:42]} Kh7 {[%emt 0:00:15]} 30. Qe3 {[%emt 0:02:48]} Qe5 {[%emt 0:01:59]} 31. Rc3 {[%emt 0:01:22]} Na4 {[%emt 0:03:24]} 32. Rxc7 {[%emt 0:01:13]} Rxc7 {[%emt 0:00:12]} 33. Bxb3 {[%emt 0:01:18]} Nxb2 {[%emt 0:00:27]} 34. Rd5 {[%emt 0:02:12]} Qc3 {[%emt 0:00:41]} 35. Qxe4 {[%emt 0:01:05]} Qxb3 {[%emt 0:13:38]} 36. Rxh5+ {[%emt 0:05:17]} Kg7 {[%emt 0:00:30]} 1-0

[Event "Bruges Masters 2019"]
[Site "Bruges"]
[Date "2019.08.13"]
[Round "5.4"]
[White "Sterck, Arno"]
[Black "Leenhouts, Koen"]
[Result "1/2-1/2"]
[WhiteElo "2316"]
[BlackElo "2426"]
[Annotator "ChessBase"]
[PlyCount "103"]
[EventDate "2019.08.11"]
[EventType "swiss"]
[EventCountry "BEL"]
[SourceTitle "playchess.com"]
[Source "ChessBase"]
[SourceQuality "1"]
[TimeControl "5400+30"]

1. d4 {[%emt 0:10:20]} Nf6 {[%emt 0:00:00]} 2. c4 {[%emt 0:00:05]} g6 {[%emt 0:00:00]} 3. g3 {[%emt 0:00:02]} c6 {[%emt 0:00:00]} 4. Bg2 {[%emt 0:00:07]} d5 {[%emt 0:00:03]} 5. Qa4 {[%emt 0:00:08]} Nfd7 {[%emt 0:01:45]} 6. cxd5 {[%emt 0:00:06]} Nb6 {[%emt 0:00:06]} 7. Qd1 {[%emt 0:00:03]} cxd5 {[%emt 0:00:08]} 8. Nc3 {[%emt 0:00:32]} Bg7 {[%emt 0:00:20]} 9. e3 {[%emt 0:00:04]} Nc6 {[%emt 0:01:24]} 10. Nh3 {[%emt 0:00:50]} Bxh3 {[%emt 0:01:51]} 11. Bxh3 {[%emt 0:00:06]} O-O {[%emt 0:00:18]} 12. O-O {[%emt 0:00:10]} e6 {[%emt 0:00:42]} 13. b3 {[%emt 0:03:14]} f5 {[%emt 0:06:44]} 14. Bg2 {[%emt 1:21:13]} g5 {[%emt 0:03:55]} 15. a4 {[%emt 0:00:00]} Rc8 {[%emt 0:02:29]} 16. a5 {[%emt 0:00:00]} Nd7 {[%emt 0:04:31]} 17. Ba3 {[%emt 0:00:00]} Rf6 {[%emt 0:00:41]} 18. b4 {[%emt 0:00:00]} Bf8 {[%emt 0:09:40]} 19. Qb3 {[%emt 0:00:00]} Kh8 {[%emt 0:02:21]} 20. Rfc1 {[%emt 0:00:00]} f4 {[%emt 0:01:45]} 21. e4 {[%emt 0:00:00]} f3 {[%emt 0:06:12]} 22. Bf1 {[%emt 0:00:00]} Bg7 {[%emt 0:00:10]} 23. Qd1 {[%emt 0:00:00]} Nf8 {[%emt 0:08:42]} 24. e5 {[%emt 0:00:00]} Rf7 {[%emt 0:12:21]} 25. Nb5 {[%emt 0:00:00]} Rd7 {[%emt 0:00:09]} 26. Bb2 {[%emt 0:00:00]} g4 {[%emt 0:02:02]} 27. Nd6 {[%emt 0:00:00]} Rb8 {[%emt 0:00:23]} 28. a6 {[%emt 0:00:00]} Bh6 {[%emt 0:04:18]} 29. axb7 {[%emt 0:00:00]} Bxc1 {[%emt 0:00:49]} 30. Rxc1 {[%emt 0:00:00]} Nxb4 {[%emt 0:02:09]} 31. Rc8 {[%emt 0:00:00]} Rxd6 {[%emt 0:00:08]} 32. exd6 {[%emt 0:02:29]} Rxc8 {[%emt 0:00:31]} 33. bxc8=Q {[%emt 0:00:05]} Qxc8 {[%emt 0:00:07]} 34. Qa4 {[%emt 0:00:05]} Nc6 {[%emt 0:02:36]} 35. Ba6 {[%emt 0:00:26]} Qd7 {[%emt 0:03:45]} 36. Bb5 {[%emt 0:02:58]} Qb7 {[%emt 0:00:02]} 37. Bxc6 {[%emt 0:00:11]} Qxb2 {[%emt 0:00:08]} 38. Bb5 {[%emt 0:00:02]} Kg8 {[%emt 0:01:57]} 39. Qa6 {[%emt 0:01:30]} Qb1+ {[%emt 0:00:20]} 40. Bf1 {[%emt 0:00:06]} Qb6 {[%emt 0:00:05]} 41. Qa3 {[%emt 0:01:48]} Qxd4 {[%emt 0:05:48]} 42. h3 {[%emt 0:00:04]} h5 {[%emt 0:00:46]} 43. hxg4 {[%emt 0:00:04]} h4 {[%emt 0:01:42]} 44. Qxf3 {[%emt 0:00:24]} hxg3 {[%emt 0:00:06]} 45. Qxg3 {[%emt 0:00:07]} Qf6 {[%emt 0:02:02]} 46. g5 {[%emt 0:01:54]} Qf7 {[%emt 0:00:24]} 47. Bd3 {[%emt 0:00:31]} a5 {[%emt 0:00:16]} 48. Qg4 {[%emt 0:01:11]} Qd7 {[%emt 0:01:50]} 49. g6 {[%emt 0:00:20]} Qxd6 {[%emt 0:00:12]} 50. g7 {[%emt 0:00:14]} Qe5 {[%emt 0:00:14]} 51. gxf8=Q+ {[%emt 0:00:16]} Kxf8 {[%emt 0:00:04]} 52. Bg6 {[%emt 0:00:43]} 1/2-1/2